Gramática de la lengua castellana /

Guardado en:
Autor Principal: Bello, Andrés
Otros Autores: Cuervo, Rufino
Formato: Libro
Publicado: Buenos Aires : Anaconda, 1948
Materias:
Etiquetas: Agregar Etiqueta
Sin Etiquetas, Sea el primero en etiquetar este registro!
LEADER 00466nam a22001695a 4500
001 CEM.cems000937
005 20060213000000.0
008 130507s1948##################000#0#####d
003 CEMS
082 0 4 |a 468 
100 1 |a Bello, Andrés 
245 1 0 |a Gramática de la lengua castellana / 
260 |a Buenos Aires :  |b Anaconda,  |c 1948 
300 |a 160 p. 
653 |a Gramatica espaÑola 
700 1 |a Cuervo, Rufino 
859 |a CEMS  |b BIB. CEMS - 11 de abril  |h 468  |i B417  |p 9718.81  |t Ej.1